000 00245nam a2200097 a 4500
005 20200930073749.0
008 111006s1889 000 spa d
245 0 _aThe letter of Christopher Columbus.
260 _aLondon,
_c1889.
999 _c34045
_d34045
040 _aDO-SdBNP